Física y siembra de nubes
Saved in:
| Hovedforfatter: | |
|---|---|
| Format: | Bog |
| Sprog: | spansk |
| Udgivet: |
Buenos Aires
Eudeba
1965
|
| Serier: | Ciencia Joven, 26
|
| Fag: | |
| Tags: |
Tilføj Tag
Ingen Tags, Vær først til at tagge denne postø!
|
MARC
| LEADER | 00000nam a2200000 a 4500 | ||
|---|---|---|---|
| 001 | UCH1689 | ||
| 003 | CL-VaPUC | ||
| 008 | 090507e19650000AG |||||||||||||||||spa|d | ||
| 082 | 0 | 4 | |a 551.577 |b BAT |2 21 |
| 100 | 0 | |a Battan, Louis J |e author |9 536157 | |
| 245 | 1 | 0 | |a Física y siembra de nubes |
| 300 | |a 159 p | ||
| 942 | |c BK | ||
| 945 | |d 20090507 00:00:00 |a dcastane | ||
| 260 | |a Buenos Aires |b Eudeba |c 1965 | ||
| 500 | |a Traducido por Beatriz C. Cetrángolo | ||
| 650 | 7 | |a LLUVIA |2 CL-VaPUC |9 361473 | |
| 650 | 0 | |a Precipitaciones |9 357816 | |
| 650 | 7 | |a PRECIPITACIONES ARTIFICIALES |2 CL-VaPUC |9 361514 | |
| 650 | 7 | |a METEOROLOGIA |2 CL-VaPUC |9 260030 | |
| 583 | |a last modification |c 20090507 00:00:00 |k Rodrigo Vera | ||
| 490 | 0 | |a Ciencia Joven, 26 | |
| 999 | |c 333604 |d 333602 | ||
| 952 | |0 0 |1 0 |4 0 |6 551_577000000000000_BAT_1965 |7 0 |8 A |9 422136 |a BIBCUR |b BIBCUR |d 2019-11-22 |i 4536096 |l 2 |o 551.577 BAT 1965 |p 4536096 |r 2025-04-22 |s 2024-10-08 |w 2019-11-22 |y BK |k FIS | ||